| 000 | 00965cam a2200229 4500 | ||
|---|---|---|---|
| 001 | ABS67106 | ||
| 008 | 030926n2003 000 0 eng u | ||
| 035 | _a(Sirsi) u123737 | ||
| 100 | _aSymes, M. | ||
| 245 | _aLessons from America: the role of business improvement districts as an agent of urban regeneration | ||
| 260 | _c2003 | ||
| 490 |
_aTown & Country Planning _v74(3) July 2003, 301-313(14) |
||
| 520 | _aHighlights what can be learned from the American experience of Business Improvement Districts (BIDS) in terms of scale, scope, strengths, weaknesses and lessons. The UK government is planning to introduce legislation in 2004 which would enable cities to set up BIDS. Appendix lists internet BID sources. References. | ||
| 590 | _aABS | ||
| 650 | _aBUSINESS IMPROVEMENT DISTRICTS | ||
| 650 | _aUNITED STATES | ||
| 650 | _aURBAN REGENERATION | ||
| 650 | _aRETAIL DEVELOPMENT | ||
| 690 | _aREGENERATION | ||
| 700 | _aSteel, M. | ||
| 942 | _n0 | ||
| 999 |
_c73472 _d73472 |
||